[Event "Mecklenburg VP-ch U18"]
[Site "Malchow"]
[Date "2019.02.03"]
[Round "3.6"]
[White "Roessler, Hans Juergen"]
[Black "Beck, Jules"]
[Result "1/2-1/2"]
[WhiteElo "1268"]
[BlackElo "1563"]
[PlyCount "59"]
[EventDate "2019.02.02"]
[EventType "swiss"]
[EventRounds "7"]
[EventCountry "GER"]
[SourceTitle "EXT 2022"]
[Source "ChessBase"]
[SourceDate "2021.10.06"]
[SourceVersion "1"]
[SourceVersionDate "2021.10.06"]
[SourceQuality "1"]

1. e4 e6 2. d4 d5 3. exd5 exd5 4. Bd3 Bd6 5. Nf3 Ne7 6. Nc3 c6 7. h3 Bf5 8. Be3 0-0 9. Bxf5 Nxf5 10. 0-0 Nxe3 11. fxe3 Qc7 12. e4 dxe4 13. Nxe4 Nd7 14. Nxd6 Qxd6 15. Qd2 Nf6 16. Rfe1 Rfe8 17. c3 Rad8 18. Rxe8+ Rxe8 19. Re1 Rd8 20. Qg5 Nd5 21. Qe5 Qxe5 22. Rxe5 Kf8 23. g3 f6 24. Re2 Re8 25. Kf2 Nb6 26. Ne1 Nc4 27. Nd3 Rxe2+ 28. Kxe2 Ke7 29. b3 Nd6 30. Ke3 1/2-1/2

[Event "Mecklenburg VP-ch U18"]
[Site "Malchow"]
[Date "2019.02.02"]
[Round "1.3"]
[White "Roessler, Hans Juergen"]
[Black "Schumacher, Ole"]
[Result "0-1"]
[WhiteElo "1268"]
[BlackElo "1711"]
[PlyCount "102"]
[EventDate "2019.02.02"]
[EventType "swiss"]
[EventRounds "7"]
[EventCountry "GER"]
[SourceTitle "EXT 2022"]
[Source "ChessBase"]
[SourceDate "2021.10.06"]
[SourceVersion "1"]
[SourceVersionDate "2021.10.06"]
[SourceQuality "1"]

1. Nf3 c5 2. d4 Nf6 3. c4 e6 4. Nc3 cxd4 5. Nxd4 a6 6. Bg5 Bb4 7. Qc2 Qa5 8. Bxf6 gxf6 9. Nb3 Bxc3+ 10. bxc3 Qc7 11. e3 b6 12. Bd3 Bb7 13. f3 h5 14. 0-0 h4 15. f4 f5 16. h3 d6 17. Rf2 Nd7 18. e4 fxe4 19. Bxe4 Bxe4 20. Qxe4 Rc8 21. f5 Qxc4 22. Qxc4 Rxc4 23. fxe6 fxe6 24. Rf3 Ne5 25. Re3 Ke7 26. Nd2 Rf4 27. Rb1 b5 28. Re4 Rhf8 29. Rf1 Rxf1+ 30. Nxf1 Ng6 31. a4 Rc8 32. axb5 axb5 33. Rb4 Rxc3 34. Rxb5 d5 35. Kf2 d4 36. Rg5 Kf6 37. Rg4 Rc2+ 38. Ke1 e5 39. Kd1 Rf2 40. Nd2 Kf5 41. Ne4 Ra2 42. Nd6+ Kf6 43. Ne4+ Kg7 44. Ng5 Rf2 45. Ke1 Rf5 46. Nf3 Rh5 47. Ke2 Kf6 48. Kd3 Rh8 49. Nd2 Kf5 50. Ne4 Nf4+ 51. Kd2 Kxe4 0-1

[Event "Mecklenburg VP-ch U18"]
[Site "Malchow"]
[Date "2018.02.07"]
[Round "5.10"]
[White "Wernike, Thomas"]
[Black "Roessler, Hans Juergen"]
[Result "0-1"]
[WhiteElo "1042"]
[BlackElo "1171"]
[PlyCount "32"]
[EventDate "2018.02.07"]
[EventType "tourn"]
[EventRounds "7"]
[EventCountry "GER"]
[SourceTitle "EXT 2022"]
[Source "ChessBase"]
[SourceDate "2021.10.06"]
[SourceVersion "1"]
[SourceVersionDate "2021.10.06"]
[SourceQuality "1"]

1. e4 c6 2. d4 d5 3. Nc3 dxe4 4. Nxe4 Nd7 5. Bd2 Ngf6 6. Bd3 e6 7. Qf3 Be7 8. 0-0-0 Nxe4 9. Bxe4 Nf6 10. Be3 0-0 11. Qg3 Nxe4 12. Qg4 f5 13. Qh3 f4 14. f3 Ng5 15. Qg4 fxe3 16. Ne2 e5 0-1

[Event "Mecklenburg VP-ch Youth"]
[Site "Malchow"]
[Date "2017.02.16"]
[Round "2.8"]
[White "Stadach, Pepe"]
[Black "Roessler, Hans Juergen"]
[Result "1-0"]
[WhiteElo "1220"]
[BlackElo "1013"]
[PlyCount "81"]
[EventDate "2017.02.08"]
[EventType "swiss"]
[EventRounds "7"]
[EventCountry "GER"]
[SourceTitle "EXT 2022"]
[Source "ChessBase"]
[SourceDate "2021.10.06"]
[SourceVersion "1"]
[SourceVersionDate "2021.10.06"]
[SourceQuality "1"]

1. e4 c6 2. d4 d5 3. exd5 cxd5 4. Nc3 Nf6 5. Nf3 Nc6 6. Be2 e6 7. 0-0 Bb4 8. Bd2 0-0 9. a3 Bxc3 10. Bxc3 Ne4 11. Bd2 Nxd2 12. Qxd2 Bd7 13. Rac1 Rc8 14. c4 Ne7 15. Rc3 dxc4 16. Bxc4 b5 17. Be2 Rxc3 18. Qxc3 Nd5 19. Qc5 Qb6 20. Rc1 Qxc5 21. dxc5 Nf4 22. Bf1 Rc8 23. Nd4 Kf8 24. Nxb5 Bxb5 25. Bxb5 Ke7 26. g3 Rb8 27. gxf4 Rxb5 28. b4 Kd7 29. Rd1+ Kc7 30. Kg2 a5 31. Rd4 Kc6 32. Kf3 axb4 33. axb4 Rb8 34. Ke4 Kc7 35. Kd3 f6 36. Kc4 e5 37. fxe5 fxe5 38. Re4 Rf8 39. Rxe5 Rxf2 40. Re7+ Kc8 41. c6 1-0